书目信息 |
| 题名: |
博客传播
|
|
| 作者: | 刘津 著 | |
| 分册: | ||
| 出版信息: | 北京 清华大学出版社 2008.01 |
|
| 页数: | 19,259页 | |
| 开本: | 21cm | |
| 丛书名: | ||
| 单 册: | ||
| 中图分类: | G206.2 , TP393.4 | |
| 科图分类: | ||
| 主题词: | 互联网络--传播媒介--研究 | |
| 电子资源: | ||
| ISBN: | 978-7-302-16436-4 | |
| 000 | 00861nam0 2200265 450 | |
| 001 | 012004202316 | |
| 005 | 20091221091553.30 | |
| 010 | @a978-7-302-16436-4@dCNY20.00 | |
| 100 | @a20080110d2008 em y0chiy0110 ea | |
| 101 | 0 | @achi |
| 102 | @aCN@b110000 | |
| 105 | @ay z 000yy | |
| 106 | @ar | |
| 200 | 1 | @a博客传播@9bo ke chuan bo@f刘津著 |
| 210 | @a北京@c清华大学出版社@d2008.01 | |
| 215 | @a19,259页@d21cm | |
| 300 | @a北京市社会科学理论著作出版基金会资助 | |
| 330 | @a本书共分9个章节,具体内容包括:博客技术与传播生态、中美博客传播的现状与路径比较、博客传播与虚拟空间社会生活公共化、互联网传播结构的变迁、博客人际互动的情境与模式等。 | |
| 606 | 0 | @a互联网络@x传播媒介@x研究 |
| 610 | 0 | @a博客 |
| 690 | @aG206.2@v4 | |
| 690 | @aTP393.4@v4 | |
| 701 | 0 | @a刘津@9liu jin@4著 |
| 801 | 0 | @aCN@bNLC@c20091221 |
| 905 | @b20798414-18@dG206.2@e382@f5 | |
| 博客传播/刘津著.-北京:清华大学出版社,2008.01 |
| 19,259页;21cm |
| 北京市社会科学理论著作出版基金会资助 |
| ISBN 978-7-302-16436-4:CNY20.00 |
| 本书共分9个章节,具体内容包括:博客技术与传播生态、中美博客传播的现状与路径比较、博客传播与虚拟空间社会生活公共化、互联网传播结构的变迁、博客人际互动的情境与模式等。 |
| ● |
| 相关链接 |
|
|
|
|
正题名:博客传播
索取号:G206.2/382
 
预约/预借
| 序号 | 登录号 | 条形码 | 馆藏地/架位号 | 状态 | 备注 |
| 1 | 798414 | 207984145 | 第一样本阅览室/ [索取号:G206.2/382] | 在馆 | |
| 2 | 798415 | 207984154 | 第四借阅区/ [索取号:G206.2/382] | 在馆 | |
| 3 | 798416 | 207984163 | 第四借阅区/ [索取号:G206.2/382] | 在馆 | |
| 4 | 798417 | 207984172 | 第四借阅区/ [索取号:G206.2/382] | 在馆 | |
| 5 | 798418 | 207984181 | 密集书库-文学院/ [索取号:G206.2/382] | 在馆 |